Revista luso-brasileira de direito do consumo (Record no. 1597)
[ view plain ]
| 000 -LÍDER | |
|---|---|
| Campo Fixo de Controle | 00800nam a22002777a 4500 |
| 001 - NÚMERO DE CONTROLE | |
| Campo de Controle | 1597 |
| 003 - IDENTIFICAÇÃO DO NÚMERO DE CONTROLE | |
| Campo de Controle | BR-CuiBMT |
| 005 - DATA E HORA DA ÚLTIMA ATUALIZAÇÃO | |
| Campo de Controle | 20231217035141.0 |
| 008 - DADOS FIXOS | |
| Dados Fixos | 231216c2011 prbqr p 0 a1por d |
| 022 ## - INTERNATIONAL STANDARD SERIAL NUMBER | |
| Nº do ISSN | 2237-1168 |
| 040 ## - AGÊNCIA CATALOGADORA | |
| Código da Agência Catalogadora | BR-CuiBMT |
| Agência que transcreveu o registro | BR-CuiBMT |
| 080 ## - Nº DA CLASSIFICAÇÃO DECIMAL UNIVERSAL | |
| Nº edição CDU | 2007 |
| Nº Class. CDU | 366 |
| Subd. Auxiliar Comum | (05) |
| 090 ## - NÚMERO DE CHAMADA | |
| Complemento | Periódico |
| Nº classificação | 366(05) |
| 097 ## - AVALIAÇÃO CAPES | |
| Avaliação CAPES | C |
| CAPES Circulação | Direito |
| 098 ## - CÓDIGO CCN | |
| Código CCN | 102348-9 |
| 210 00 - TÍTULO ABREVIADO | |
| Título abreviado | Rev. luso-brasileira direito consumo |
| 245 00 - TÍTULO PRINCIPAL | |
| Título principal | Revista luso-brasileira de direito do consumo |
| 260 ## - PUBLICAÇÃO, DISTRIBUIÇÃO, ETC. | |
| Local de publicação | Curitiba : |
| Editora | Bonijuris, |
| -- | J.M., |
| Data | 2011- |
| 300 ## - DESCRIÇÃO FÍSICA | |
| N. páginas ou volumes | v. ; |
| Ilustrações | 24 cm |
| 310 ## - PERIODICIDADE ATUAL DA PUBLICAÇÃO | |
| Periodicidade atual da publicação | Trimestral |
| 362 ## - DATAS DA PUBLICAÇÃO E/OU DESIGNAÇÃO SEQUENCIAL | |
| Datas de publicação e/ou designação sequencial | Vol. 1, No. 3 (set. 2011)- |
| 650 ## - ASSUNTO TÓPICO | |
| Cabeçalho tópico ou nome geográfico | Direito do consumidor |
| Subdivisão de forma | Periódicos |
| 650 ## - ASSUNTO TÓPICO | |
| Cabeçalho tópico ou nome geográfico | Defesa do consumidor |
| Subdivisão de forma | Periódicos |
| 650 ## - ASSUNTO TÓPICO | |
| Cabeçalho tópico ou nome geográfico | Relações de consumo |
| Subdivisão de forma | Periódicos |
| 942 ## - ELEMENTOS DE ENTRADA ADICIONAIS (KOHA) | |
| Fonte de classificação ou esquema de arquivamento | Classificação Decimal Universal |
| Tipo de item do Koha | Periódicos |
| Estado: removido | Estado: perdido | Fonte de classificação ou esquema de arquivamento | Estado: danificado | Indisponível para empréstimo | Código da coleção | Localização permanente | Localização atual | Data de aquisição | Numeração serial / cronológica | Total Checkouts | Número de Chamada completo | Código de barras | Date last seen | Número do exemplar | Preço efetivo a partir de | Tipo de item (Koha) |
|---|---|---|---|---|---|---|---|---|---|---|---|---|---|---|---|---|
| Classificação Decimal Universal | Periódicos | Biblioteca da Escola Superior de Contas do TCE/MT | Biblioteca da Escola Superior de Contas do TCE/MT | 16/12/2023 | v. 1, n. 3, set. 2011 | Periódico 366(05) | BIBTCEMT23120719 | 16/12/2023 | Ex. 1 | 16/12/2023 | Periódicos | |||||
| Classificação Decimal Universal | Periódicos | Biblioteca da Escola Superior de Contas do TCE/MT | Biblioteca da Escola Superior de Contas do TCE/MT | 16/12/2023 | v. 1, n. 4, dez. 2011 | Periódico 366(05) | BIBTCEMT23120725 | 17/12/2023 | Ex. 1 | 16/12/2023 | Periódicos | |||||
| Classificação Decimal Universal | Periódicos | Biblioteca da Escola Superior de Contas do TCE/MT | Biblioteca da Escola Superior de Contas do TCE/MT | 16/12/2023 | v. 2, n. 6, jun. 2012 | Periódico 366(05) | BIBTCEMT23120726 | 17/12/2023 | Ex. 1 | 16/12/2023 | Periódicos | |||||
| Classificação Decimal Universal | Periódicos | Biblioteca da Escola Superior de Contas do TCE/MT | Biblioteca da Escola Superior de Contas do TCE/MT | 16/12/2023 | v. 2, n. 7, set. 2012 | Periódico 366(05) | BIBTCEMT23120727 | 17/12/2023 | Ex. 1 | 16/12/2023 | Periódicos | |||||
| Classificação Decimal Universal | Periódicos | Biblioteca da Escola Superior de Contas do TCE/MT | Biblioteca da Escola Superior de Contas do TCE/MT | 16/12/2023 | v. 2, n. 8, dez. 2012 | Periódico 366(05) | BIBTCEMT23120728 | 17/12/2023 | Ex. 1 | 16/12/2023 | Periódicos | |||||
| Classificação Decimal Universal | Periódicos | Biblioteca da Escola Superior de Contas do TCE/MT | Biblioteca da Escola Superior de Contas do TCE/MT | 16/12/2023 | v. 3, n. 9, mar. 2013 | Periódico 366(05) | BIBTCEMT23120729 | 17/12/2023 | Ex. 1 | 16/12/2023 | Periódicos | |||||
| Classificação Decimal Universal | Periódicos | Biblioteca da Escola Superior de Contas do TCE/MT | Biblioteca da Escola Superior de Contas do TCE/MT | 16/12/2023 | v. 3, n. 10, jun. 2013 | Periódico 366(05) | BIBTCEMT23120730 | 17/12/2023 | Ex. 1 | 16/12/2023 | Periódicos | |||||
| Classificação Decimal Universal | Periódicos | Biblioteca da Escola Superior de Contas do TCE/MT | Biblioteca da Escola Superior de Contas do TCE/MT | 16/12/2023 | v. 3, n. 11, set. 2013 | Periódico 366(05) | BIBTCEMT23120731 | 17/12/2023 | Ex. 1 | 16/12/2023 | Periódicos | |||||
| Classificação Decimal Universal | Periódicos | Biblioteca da Escola Superior de Contas do TCE/MT | Biblioteca da Escola Superior de Contas do TCE/MT | 16/12/2023 | v. 3, n. 12, dez. 2013 | Periódico 366(05) | BIBTCEMT23120732 | 17/12/2023 | Ex. 1 | 16/12/2023 | Periódicos |